000 00307nam a2200133Ia 4500
008 151213s9999 xx 000 0 und d
245 _aEssential of business Environment
250 _a7th
260 _aDelhi
_bHimalya
300 _a1499 p.
650 _aManagement
650 _aManagement
999 _c1160
_d1160